[Event "Stuttgarter Stadtmeisterschaft A"]
[Site "Ditzingen"]
[Date "2008.05.03"]
[Round "6.37"]
[White "Gehringer, Frank"]
[Black "Reder, Erik"]
[Result "1-0"]
[WhiteElo "2035"]
[BlackElo "1882"]
[PlyCount "55"]
[EventDate "2008.05.??"]
[EventType "swiss"]
[EventRounds "7"]
[EventCountry "GER"]
[WhiteTeam "SC Leinfelden"]
[BlackTeam "SK e4 Gerlingen"]

1. Nf3 c5 2. c4 g6 3. Nc3 Bg7 4. d4 cxd4 5. Nxd4 Nc6 6. Nc2 Nf6 7. e4 O-O 8.
Be2 d6 9. Be3 Be6 10. f3 Rc8 11. O-O Ne5 12. b3 Qa5 13. Qd2 Nxc4 14. bxc4 Bxc4
15. Rac1 Nd7 16. Nd4 Rc5 17. Rfd1 Rfc8 18. Bxc4 Bxd4 19. Bxf7+ Kxf7 20. Bxd4
Rc4 21. Qh6 Rxd4 22. Qxh7+ Ke6 23. Qxg6+ Nf6 24. Qf5+ Qxf5 25. exf5+ Ke5 26.
Rxd4 Rxc3 27. Rxc3 Kxd4 28. Rc7 1-0

[Event "Stuttgarter Stadtmeisterschaft A"]
[Site "Ditzingen"]
[Date "2008.05.03"]
[Round "6.38"]
[White "Budjav, Enkhjargal"]
[Black "Sarchisov, Slavik"]
[Result "1-0"]
[WhiteElo "1866"]
[BlackElo "1982"]
[PlyCount "113"]
[EventDate "2008.05.??"]
[EventType "swiss"]
[EventRounds "7"]
[EventCountry "GER"]
[WhiteTeam "Stuttgarter SF 1879"]
[BlackTeam "Karlsruher SF 1853"]

1. Nf3 Nf6 2. g3 g6 3. Bg2 Bg7 4. d4 O-O 5. O-O d6 6. Bg5 h6 7. Bd2 Nbd7 8. Qc1
Kh7 9. c4 e5 10. dxe5 dxe5 11. Nc3 c6 12. Rd1 Qc7 13. Bh3 Re8 14. e4 Nc5 15.
Bxc8 Qxc8 16. Qc2 Nh5 17. Be3 Ne6 18. Nh4 Qc7 19. Rd3 Nd4 20. Qd1 Rad8 21. Kg2
Qe7 22. Ne2 Nxe2 23. Qxe2 Nf4+ 24. Bxf4 Rxd3 25. Qxd3 exf4 26. Re1 fxg3 27.
hxg3 Bxb2 28. Nf3 Bg7 29. e5 a6 30. Qd6 Qxd6 31. exd6 Rxe1 32. Nxe1 Kg8 33. Nd3
Bd4 34. Kf3 Kf8 35. Ke4 Bb6 36. Ke5 Ke8 37. f3 Kd7 38. a4 a5 39. Kf6 Kxd6 40.
Kxf7 g5 41. Kg6 Be3 42. Kxh6 b5 43. cxb5 cxb5 44. axb5 Kd5 45. Nb2 g4+ 46. f4
Bf2 47. Kg5 Bxg3 48. Na4 Bf2 49. Kxg4 Kc4 50. b6 Kb5 51. b7 Ba7 52. f5 Kc6 53.
f6 Kd7 54. Kf5 Ke8 55. Kg6 Kf8 56. Nc5 a4 57. Nd7+ 1-0

[Event "Stuttgarter Stadtmeisterschaft A"]
[Site "Ditzingen"]
[Date "2008.05.03"]
[Round "6.39"]
[White "Häußler, Frank"]
[Black "Marquardt, Patrick"]
[Result "1-0"]
[WhiteElo "2030"]
[BlackElo "1859"]
[PlyCount "81"]
[EventDate "2008.05.??"]
[EventType "swiss"]
[EventRounds "7"]
[EventCountry "GER"]
[WhiteTeam "SF 47 Neckartenzlingen"]
[BlackTeam "SG Donautal Tuttlingen"]

1. d4 d5 2. c4 e6 3. Nc3 Nf6 4. cxd5 exd5 5. Bg5 Be7 6. e3 O-O 7. Bd3 c6 8. Qc2
Nbd7 9. Nf3 Re8 10. O-O-O b5 11. Ne5 h6 12. Nxc6 Qb6 13. Nxe7+ Rxe7 14. Bxf6
Nxf6 15. Bxb5 Rc7 16. Bd3 Be6 17. Kd2 Ne4+ 18. Ke2 Nxc3+ 19. bxc3 Rac8 20. Rb1
Qa5 21. Rb3 Rxc3 22. Rxc3 Rxc3 23. Qd2 Ra3 24. Qxa5 Rxa5 25. Ra1 Ra3 26. Kd2
Bd7 27. Bc2 Kf8 28. Bb3 Ra5 29. Rc1 Ke7 30. Rc5 Rxc5 31. dxc5 Ke6 32. Kd3 f5
33. Kd4 Bc6 34. f3 f4 35. e4 Be8 36. exd5+ Ke7 37. Ke5 g5 38. c6 Kd8 39. Ba4
Bg6 40. Ke6 h5 41. d6 1-0

[Event "Stuttgarter Stadtmeisterschaft A"]
[Site "Ditzingen"]
[Date "2008.05.03"]
[Round "6.40"]
[White "Jehle, Anja"]
[Black "Rempeli, Alex"]
[Result "1/2-1/2"]
[WhiteElo "1968"]
[BlackElo "1713"]
[PlyCount "38"]
[EventDate "2008.05.??"]
[EventType "swiss"]
[EventRounds "7"]
[EventCountry "GER"]

1. d4 Nf6 2. c4 g6 3. Nc3 d5 4. cxd5 Nxd5 5. e4 Nxc3 6. bxc3 Bg7 7. h3 c5 8.
Nf3 Nc6 9. Be3 O-O 10. Be2 cxd4 11. cxd4 Qa5+ 12. Qd2 Qxd2+ 13. Kxd2 Rd8 14.
Kc3 Be6 15. Rhd1 Rac8 16. Kb2 Na5 17. Rac1 Nc4+ 18. Bxc4 Bxc4 19. Rd2 Rd6
1/2-1/2

[Event "Stuttgarter Stadtmeisterschaft A"]
[Site "Ditzingen"]
[Date "2008.05.03"]
[Round "6.41"]
[White "Fingerhut, Armin"]
[Black "Janata, Andreas"]
[Result "1/2-1/2"]
[WhiteElo "1919"]
[BlackElo "1979"]
[PlyCount "116"]
[EventDate "2008.05.??"]
[EventType "swiss"]
[EventRounds "7"]
[EventCountry "GER"]

1. e4 e6 2. d4 d5 3. Nc3 Bb4 4. a3 Bxc3+ 5. bxc3 dxe4 6. f3 e5 7. Bc4 c5 8. Qe2
exd4 9. fxe4 Nf6 10. Nf3 Be6 11. cxd4 cxd4 12. O-O O-O 13. Bg5 Bxc4 14. Qxc4
Nc6 15. Rad1 Rc8 16. Qb5 Re8 17. Bxf6 Qxf6 18. Qxb7 Qe7 19. Qxe7 Rxe7 20. Nxd4
Nxd4 21. Rxd4 f6 22. c4 Rce8 23. Re1 f5 24. Kf2 Kf7 25. Kf3 Kf6 26. g4 g6 27.
gxf5 gxf5 28. Kf4 fxe4 29. Rexe4 Rxe4+ 30. Rxe4 Rb8 31. Re3 Rb2 32. Ke4 Ke6 33.
Rh3 Ra2 34. Rh6+ Kd7 35. Rxh7+ Kc6 36. Rxa7 Rxh2 37. Kd4 Rd2+ 38. Kc3 Rd1 39.
Ra6+ Kc5 40. Ra5+ Kc6 41. Ra8 Kc5 42. Rc8+ Kb6 43. c5+ Kb7 44. Rh8 Kc6 45. Kb4
Rb1+ 46. Ka5 Kxc5 47. Rc8+ Kd6 48. a4 Kd7 49. Rh8 Kc7 50. Rh7+ Kb8 51. Ka6 Rc1
52. Rh8+ Rc8 53. Rh6 Ka8 54. a5 Rb8 55. Rh7 Rb7 56. Rh8+ Rb8 57. Rh6 Rb7 58.
Rb6 Rb8 1/2-1/2

[Event "Stuttgarter Stadtmeisterschaft A"]
[Site "Ditzingen"]
[Date "2008.05.03"]
[Round "6.42"]
[White "Löwe, Joachim"]
[Black "Maissenbacher, Werner"]
[Result "1-0"]
[WhiteElo "1778"]
[BlackElo "1948"]
[PlyCount "119"]
[EventDate "2008.05.??"]
[EventType "swiss"]
[EventRounds "7"]
[EventCountry "GER"]

1. e4 c5 2. Nf3 Nc6 3. Be2 d6 4. O-O Nf6 5. d3 g6 6. c3 Bg7 7. Qc2 O-O 8. Bg5
Bd7 9. Na3 a6 10. Rfe1 b5 11. Qd2 c4 12. Bxf6 Bxf6 13. dxc4 b4 14. cxb4 Rb8 15.
b5 Na7 16. Rad1 axb5 17. e5 Bg7 18. exd6 e6 19. cxb5 Nxb5 20. Nxb5 Bxb5 21.
Bxb5 Rxb5 22. b3 Qb6 23. Qe3 Qa5 24. Re2 Bf6 25. Rc2 Bd8 26. a4 Rf5 27. Qc3 Qa7
28. Qc6 Qa5 29. Rb1 g5 30. b4 Qa7 31. a5 g4 32. Ne1 h5 33. g3 Qd4 34. Ng2 Rd5
35. Rc4 Qd3 36. Rbc1 Rxd6 37. Qe4 Qb3 38. Ne3 Qb2 39. Qf4 Be7 40. Qh6 f5 41.
Qxh5 Kg7 42. Rc7 Rf7 43. Nxg4 fxg4 44. Qxg4+ Kf8 45. R1c2 Qf6 46. b5 Rd5 47.
Qe2 Qf5 48. a6 Rxb5 49. a7 Ra5 50. Rc8+ Kg7 51. a8=Q Rxa8 52. Rxa8 Bc5 53. Rc8
Qd5 54. Qg4+ Kf6 55. Qh4+ Kg7 56. Qh8+ Kg6 57. Rg8+ Kf5 58. Qh5+ Ke4 59. Qxd5+
exd5 60. Rxc5 1-0

[Event "Stuttgarter Stadtmeisterschaft A"]
[Site "Ditzingen"]
[Date "2008.05.03"]
[Round "6.43"]
[White "Reichert, Manuel"]
[Black "Bacquele, Fabrice"]
[Result "1-0"]
[WhiteElo "1946"]
[BlackElo "1626"]
[PlyCount "123"]
[EventDate "2008.05.??"]
[EventType "swiss"]
[EventRounds "7"]
[EventCountry "GER"]

1. d4 Nf6 2. c4 c5 3. Nf3 cxd4 4. Nxd4 e6 5. Nc3 Bb4 6. g3 d5 7. Bg2 O-O 8. O-O
Qb6 9. cxd5 Bxc3 10. bxc3 Nxd5 11. Bd2 Bd7 12. Rb1 Qc7 13. Qb3 Bc6 14. Nxc6
bxc6 15. c4 Nb6 16. Ba5 N8d7 17. Rfc1 Qe5 18. Bxb6 Nxb6 19. Bxc6 Rac8 20. Bb5
Rc5 21. Qa3 Qc7 22. Rc2 Rd8 23. Rbc1 a6 24. Bxa6 Ra8 25. Rb1 Rxc4 26. Rxc4 Nxc4
27. Qb4 Nd6 28. Bd3 g6 29. a4 Kg7 30. Ra1 Ra5 31. Qb2+ Kg8 32. Bb5 Qa7 33. Qb4
Qb6 34. Rb1 h6 35. e4 Nxb5 36. axb5 Ra2 37. Rb2 Ra1+ 38. Kg2 Ra5 39. Qc4 Kg7
40. Qc3+ Kg8 41. Qe3 Qb7 42. b6 Ra4 43. f3 Ra1 44. Qd3 Kg7 45. Qc3+ Kg8 46. Rd2
Ra8 47. Qc7 Rb8 48. Qxb7 Rxb7 49. Rb2 Kf8 50. Kf2 Ke7 51. Ke3 Kd6 52. Kd4 f6
53. e5+ fxe5+ 54. Ke4 g5 55. g4 Kd7 56. Kxe5 Ke7 57. Rb3 Kd7 58. Kf6 Kd6 59.
Kg6 Ke5 60. Rb4 Rb8 61. b7 Kd6 62. Kxh6 1-0

[Event "Stuttgarter Stadtmeisterschaft A"]
[Site "Ditzingen"]
[Date "2008.05.03"]
[Round "6.44"]
[White "Bergner, Philipp"]
[Black "Fahnenschmidt, Gerhard"]
[Result "1/2-1/2"]
[WhiteElo "1749"]
[BlackElo "2101"]
[PlyCount "138"]
[EventDate "2008.05.??"]
[EventType "swiss"]
[EventRounds "7"]
[EventCountry "GER"]

1. d4 Nf6 2. c4 e6 3. Nc3 Bb4 4. Qc2 c5 5. dxc5 Na6 6. a3 Bxc3+ 7. Qxc3 Ne4 8.
Qc2 Qa5+ 9. Bd2 Nxd2 10. Qxd2 Qxd2+ 11. Kxd2 Nxc5 12. Kc2 a5 13. e3 d5 14. Rd1
dxc4 15. Bxc4 Bd7 16. b3 Rc8 17. Kb2 Ne4 18. Nh3 b5 19. Rd4 bxc4 20. Rxe4 cxb3
21. Kxb3 Bc6 22. Rg4 Bd5+ 23. Kb2 Ke7 24. Nf4 Rb8+ 25. Ka1 Be4 26. Ne2 Bf5 27.
Ra4 Rhc8 28. Nd4 Be4 29. f3 Bd3 30. Rd1 Bc2 31. Nxc2 Rxc2 32. Rb1 Rxb1+ 33.
Kxb1 Rxg2 34. Rxa5 Rxh2 35. Rg5 Kf6 36. Rg3 g5 37. f4 gxf4 38. exf4 Kf5 39. Rf3
h5 40. a4 Kg4 41. Rf1 Rd2 42. Rg1+ Kxf4 43. Rf1+ Ke5 44. Rxf7 h4 45. Rh7 Rd4
46. a5 Kf6 47. a6 Kg5 48. a7 Ra4 49. Kc2 Kg4 50. Kd3 h3 51. Rg7+ Kf3 52. Rf7+
Kg2 53. Rg7+ Kh1 54. Ke2 h2 55. Kf1 Ra2 56. Re7 e5 57. Rxe5 Rxa7 58. Rg5 Rf7+
59. Ke2 Rf6 60. Ke1 Ra6 61. Kf2 Ra2+ 62. Kf1 Ra1+ 63. Kf2 Rg1 64. Rc5 Rg2+ 65.
Kf1 Rg7 66. Rf5 Rg2 67. Ra5 Rb2 68. Rg5 Rb1+ 69. Kf2 Rf1+ 1/2-1/2

[Event "Stuttgarter Stadtmeisterschaft A"]
[Site "Ditzingen"]
[Date "2008.05.03"]
[Round "6.45"]
[White "Bauer, Dieter"]
[Black "Heeke, Guido"]
[Result "1/2-1/2"]
[WhiteElo "1854"]
[BlackElo "1944"]
[PlyCount "66"]
[EventDate "2008.05.??"]
[EventType "swiss"]
[EventRounds "7"]
[EventCountry "GER"]

1. d4 g6 2. e4 d6 3. Nc3 Bg7 4. Nf3 Nf6 5. Be2 O-O 6. O-O e5 7. d5 h6 8. Nd2
Nh7 9. Nb5 c6 10. Nc3 f5 11. Nc4 c5 12. a4 Nf6 13. f3 f4 14. Nb5 Ne8 15. a5 Qe7
16. Bd2 Na6 17. c3 Bd7 18. Nba3 Nac7 19. b4 cxb4 20. cxb4 Rb8 21. Nb2 b5 22.
axb6 axb6 23. Nd3 b5 24. Nc2 Na8 25. Ra5 Nb6 26. Nb2 Nc7 27. Na3 Ra8 28. Rxa8
Rxa8 29. Qb3 Qd8 30. Ra1 Ra6 31. Nc2 Rxa1+ 32. Nxa1 Bf6 33. Nc2 Qb8 1/2-1/2

[Event "Stuttgarter Stadtmeisterschaft A"]
[Site "Ditzingen"]
[Date "2008.05.03"]
[Round "6.46"]
[White "Kreiter, Thomas"]
[Black "Braun, Georg"]
[Result "0-1"]
[WhiteElo "1781"]
[BlackElo "1931"]
[PlyCount "74"]
[EventDate "2008.05.??"]
[EventType "swiss"]
[EventRounds "7"]
[EventCountry "GER"]

1. Nf3 Nf6 2. c4 c5 3. Nc3 Nc6 4. d4 cxd4 5. Nxd4 e6 6. e3 Be7 7. Be2 O-O 8.
O-O Nxd4 9. Qxd4 d6 10. Bf3 a6 11. b3 Rb8 12. Qd3 Qa5 13. a4 Nd7 14. Qc2 b5 15.
Bd2 Qc7 16. Be4 f5 17. Bd3 bxc4 18. Bxc4 Nf6 19. Nb5 Qb7 20. Nd4 d5 21. Bd3 Ne4
22. Bxe4 fxe4 23. Nc6 Ra8 24. Nxe7+ Qxe7 25. Bc3 Bd7 26. Rfb1 Rf5 27. Qe2 Qh4
28. b4 Rh5 29. h3 e5 30. Qf1 Rf8 31. Rb2 Bxh3 32. gxh3 Rf3 33. Qxa6 Qxh3 34.
Qa8+ Rf8 35. Qxd5+ Kh8 36. f4 Qxe3+ 37. Kg2 Qf3+ 0-1

[Event "Stuttgarter Stadtmeisterschaft A"]
[Site "Ditzingen"]
[Date "2008.05.03"]
[Round "6.47"]
[White "Felser, Martin"]
[Black "Prestel, Oliver"]
[Result "0-1"]
[WhiteElo "1963"]
[BlackElo "2204"]
[PlyCount "84"]
[EventDate "2008.05.??"]
[EventType "swiss"]
[EventRounds "7"]
[EventCountry "GER"]

1. Nf3 c5 2. c4 Nf6 3. Nc3 Nc6 4. g3 g6 5. Bg2 Bg7 6. d3 O-O 7. O-O a6 8. Bd2
Rb8 9. Rb1 b5 10. e4 d6 11. Nd5 bxc4 12. dxc4 Nxe4 13. Qe2 Bf5 14. Bf4 e6 15.
Ne3 Nc3 16. bxc3 Bxb1 17. Nd2 Bxa2 18. Bxc6 e5 19. Bxe5 Bxe5 20. Nf3 Bb3 21.
Nxe5 dxe5 22. Ng4 f6 23. Bd5+ Kh8 24. Qe3 Qc7 25. Nh6 a5 26. h4 a4 27. h5 gxh5
28. Qf3 Qg7 29. Qxh5 Qg6 30. Qh3 f5 31. Kg2 Rb6 32. Rh1 Bc2 33. Qh4 Rbf6 34. f3
Kg7 35. Nf7 R8xf7 36. Bxf7 Kxf7 37. Qxh7+ Qxh7 38. Rxh7+ Kg6 39. Rc7 Ra6 40.
Rxc5 a3 41. Rxe5 a2 42. Re2 a1=Q 0-1

[Event "Stuttgarter Stadtmeisterschaft A"]
[Site "Ditzingen"]
[Date "2008.05.03"]
[Round "6.48"]
[White "Grandidier, Raphael"]
[Black "Stegmaier, Michael"]
[Result "1-0"]
[WhiteElo "2023"]
[BlackElo "1802"]
[PlyCount "55"]
[EventDate "2008.05.??"]
[EventType "swiss"]
[EventRounds "7"]
[EventCountry "GER"]

1. e4 c5 2. Nf3 Nc6 3. Bb5 g6 4. O-O Bg7 5. Re1 Nf6 6. c3 a6 7. Bf1 O-O 8. d4
cxd4 9. cxd4 d6 10. h3 b5 11. a4 b4 12. Bf4 Nd7 13. Be3 Nf6 14. d5 Nxe4 15.
dxc6 Bxb2 16. Ra2 Bc3 17. Bh6 Bxe1 18. Qxe1 Be6 19. Rb2 Nc5 20. Bxf8 Qxf8 21.
Qxb4 a5 22. Qd4 Nb3 23. Qc3 Nc5 24. Bb5 Qc8 25. Qe3 Rb8 26. Nc3 Bb3 27. Qxe7
Bxa4 28. Bc4 1-0

[Event "Stuttgarter Stadtmeisterschaft A"]
[Site "Ditzingen"]
[Date "2008.05.03"]
[Round "6.49"]
[White "Ringoir, Guy"]
[Black "Ferstl, Manfred"]
[Result "1-0"]
[WhiteElo "1941"]
[BlackElo "2021"]
[PlyCount "83"]
[EventDate "2008.05.??"]
[EventType "swiss"]
[EventRounds "7"]
[EventCountry "GER"]

1. e4 c5 2. Nc3 a6 3. Nf3 e6 4. d4 cxd4 5. Nxd4 Qc7 6. Bd3 b6 7. O-O d6 8. Kh1
Bb7 9. f4 Nf6 10. Qf3 Nbd7 11. f5 Ne5 12. Qg3 Nxd3 13. cxd3 e5 14. Nf3 g6 15.
Bg5 Nh5 16. Qh4 h6 17. Be3 Be7 18. Qf2 Bd8 19. Rac1 Qd7 20. fxg6 fxg6 21. Bxb6
Nf4 22. Rcd1 O-O 23. Bxd8 Raxd8 24. d4 Qe6 25. dxe5 dxe5 26. Rxd8 Rxd8 27. Qh4
Rf8 28. Qxh6 Qg4 29. Qg5 Qxg5 30. Nxg5 Nd3 31. Rxf8+ Kxf8 32. b3 Ke7 33. g3 Kf6
34. h4 Bc8 35. Kg2 Bg4 36. Nf3 Ke7 37. Nd2 Kd6 38. Nd5 Be6 39. Nc4+ Kc5 40. Ne7
Bf7 41. Kf3 Kd4 42. Nc6+ 1-0

[Event "Stuttgarter Stadtmeisterschaft A"]
[Site "Ditzingen"]
[Date "2008.05.03"]
[Round "6.50"]
[White "Hoffmann, Ekkehard"]
[Black "Srokovskiy, Alexander"]
[Result "1/2-1/2"]
[WhiteElo "2002"]
[BlackElo "1765"]
[PlyCount "56"]
[EventDate "2008.05.??"]
[EventType "swiss"]
[EventRounds "7"]
[EventCountry "GER"]

1. e4 d5 2. exd5 Qxd5 3. Nc3 Qa5 4. Bc4 Nf6 5. d3 c6 6. Bd2 Qc7 7. Nge2 g6 8.
Bf4 Qd8 9. Qd2 Bg7 10. O-O-O O-O 11. h4 b5 12. Bb3 a5 13. h5 a4 14. hxg6 axb3
15. gxh7+ Nxh7 16. cxb3 Bf5 17. Bh6 Qd6 18. Ng3 Bxh6 19. Rxh6 Bg6 20. Nf5 Qf6
21. g4 e6 22. Nh4 Nd7 23. Rh1 Nc5 24. Nxg6 fxg6 25. Rxh7 Rxa2 26. Rh8+ Kf7 27.
R1h7+ Ke8 28. Rxf8+ Qxf8 1/2-1/2

[Event "Stuttgarter Stadtmeisterschaft A"]
[Site "Ditzingen"]
[Date "2008.05.03"]
[Round "6.51"]
[White "Stoll, Guido"]
[Black "Streiter, Manfred"]
[Result "1/2-1/2"]
[WhiteElo "1914"]
[BlackElo "1968"]
[PlyCount "38"]
[EventDate "2008.05.??"]
[EventType "swiss"]
[EventRounds "7"]
[EventCountry "GER"]

1. Nf3 Nf6 2. g3 g6 3. Bg2 Bg7 4. O-O O-O 5. d3 d6 6. e4 c5 7. Nbd2 Nc6 8. Nh4
e5 9. a4 Be6 10. Nc4 Nh5 11. Bd2 d5 12. Ne3 dxe4 13. dxe4 Nf6 14. Be1 Qxd1 15.
Rxd1 Rad8 16. Nd5 Nd7 17. Bd2 Nb6 18. Be3 Nd4 19. c3 Nb3 1/2-1/2

[Event "Stuttgarter Stadtmeisterschaft A"]
[Site "Ditzingen"]
[Date "2008.05.03"]
[Round "6.52"]
[White "Herbst, Rudolf"]
[Black "Schmid, Eugen"]
[Result "0-1"]
[WhiteElo "1761"]
[BlackElo "1960"]
[PlyCount "40"]
[EventDate "2008.05.??"]
[EventType "swiss"]
[EventRounds "7"]
[EventCountry "GER"]

1. c4 Nf6 2. Nc3 e6 3. e4 e5 4. Nf3 Nc6 5. a3 a5 6. d4 exd4 7. Nxd4 Be7 8. Nxc6
dxc6 9. Qxd8+ Bxd8 10. Be2 O-O 11. O-O Re8 12. f3 Be6 13. Be3 Be7 14. Rfd1 Nd7
15. Bf4 Rac8 16. Be3 f5 17. exf5 Bxf5 18. Bd3 Bxd3 19. Rxd3 Ne5 20. Rd4 Bc5 0-1

[Event "Stuttgarter Stadtmeisterschaft A"]
[Site "Ditzingen"]
[Date "2008.05.03"]
[Round "6.53"]
[White "Seifert, Martin"]
[Black "Wolff, Cascal"]
[Result "1/2-1/2"]
[WhiteElo "1932"]
[BlackElo "1832"]
[PlyCount "69"]
[EventDate "2008.05.??"]
[EventType "swiss"]
[EventRounds "7"]
[EventCountry "GER"]

1. e4 c5 2. Nf3 Nc6 3. d4 cxd4 4. Nxd4 d6 5. Nc3 g6 6. Be3 Bg7 7. Be2 Bd7 8.
O-O Nf6 9. f3 O-O 10. Qd2 Ne8 11. Kh1 Nc7 12. Rad1 Ne6 13. Nxe6 Bxe6 14. Bh6
Rc8 15. Bxg7 Kxg7 16. f4 a6 17. f5 Bd7 18. Nd5 Ne5 19. b3 f6 20. c4 Be8 21. Ne3
Bf7 22. Ng4 Nxg4 23. Bxg4 Rb8 24. Qf2 Qc7 25. Rd3 Qc6 26. Bf3 Qc7 27. Rfd1 b6
28. Qd2 Rfe8 29. Re1 Rf8 30. Bd1 Rh8 31. Rh3 g5 32. Bh5 Bxh5 33. Rxh5 h6 34.
Qe2 Qd7 35. Rh3 1/2-1/2

[Event "Stuttgarter Stadtmeisterschaft A"]
[Site "Ditzingen"]
[Date "2008.05.03"]
[Round "6.55"]
[White "Winkler, Stefan"]
[Black "Weißbeck, Simon"]
[Result "0-1"]
[WhiteElo "1824"]
[BlackElo "1831"]
[PlyCount "62"]
[EventDate "2008.05.??"]
[EventType "swiss"]
[EventRounds "7"]
[EventCountry "GER"]

1. e4 e6 2. d4 d5 3. Nd2 Nf6 4. e5 Nfd7 5. Ne2 c5 6. c3 Nc6 7. f4 Qb6 8. Nf3
cxd4 9. cxd4 Bb4+ 10. Bd2 O-O 11. Bc3 f6 12. Qd3 fxe5 13. fxe5 Be7 14. g3 Nb4
15. Bxb4 Qxb4+ 16. Kf2 Nb6 17. b3 Bd7 18. Bh3 Bg5 19. Kg2 Bh6 20. a4 Rac8 21.
g4 Qe7 22. a5 Na8 23. a6 b6 24. Nc3 Be8 25. Rhc1 Bxc1 26. Rxc1 Bg6 27. Qe3 Qf7
28. Ng5 Qe7 29. Nb5 Rxc1 30. Qxc1 h6 31. Nf3 Be4 0-1

[Event "Stuttgarter Stadtmeisterschaft A"]
[Site "Ditzingen"]
[Date "2008.05.03"]
[Round "6.56"]
[White "Lörincz, Benjamin"]
[Black "Viehoff, Jürgen"]
[Result "0-1"]
[WhiteElo "1935"]
[BlackElo "1812"]
[PlyCount "94"]
[EventDate "2008.05.??"]
[EventType "swiss"]
[EventRounds "7"]
[EventCountry "GER"]

1. d4 Nf6 2. c4 e5 3. dxe5 Ng4 4. Bf4 Nc6 5. Nf3 Bb4+ 6. Nbd2 Qe7 7. a3 Ngxe5
8. Nxe5 Nxe5 9. e3 Bxd2+ 10. Qxd2 d6 11. Be2 Bd7 12. b4 O-O 13. O-O Rfd8 14.
Bg3 a6 15. Rac1 Rac8 16. Qb2 Bf5 17. Rfd1 Qf6 18. Rd2 Ng4 19. Qb3 Be6 20. f3
Ne5 21. e4 b5 22. Bxe5 dxe5 23. Qe3 Rxd2 24. Qxd2 Bxc4 25. Bxc4 Qb6+ 26. Kf1
bxc4 27. Qd7 Qb8 28. Rxc4 h6 29. Qc6 Qb5 30. Ke2 f6 31. Qe6+ Kh7 32. Qf5+ g6
33. Qe6 Rg8 34. Ke1 Rg7 35. Rc5 Qd3 36. Ra5 Qe3+ 37. Kf1 Qc1+ 38. Kf2 Qd2+ 39.
Kg3 Qg5+ 40. Qg4 Qe3 41. Kh3 h5 42. Qh4 Qb6 43. Rc5 Qe6+ 44. Kg3 Kh6 45. Qh3 f5
46. Rd5 Qb6 47. Rd3 f4+ 0-1

[Event "Stuttgarter Stadtmeisterschaft A"]
[Site "Ditzingen"]
[Date "2008.05.04"]
[Round "7.2"]
[White "Sumets, Andrey"]
[Black "Eisenbeiser, Amadeus"]
[Result "1-0"]
[WhiteElo "2532"]
[BlackElo "2422"]
[PlyCount "81"]
[EventDate "2008.05.??"]
[EventType "swiss"]
[EventRounds "7"]
[EventCountry "GER"]
[BlackTeam "BG Buchen"]

1. d4 g6 2. Nf3 Bg7 3. g3 d6 4. Bg2 Nf6 5. O-O O-O 6. c4 c5 7. dxc5 dxc5 8. Ne5
Nfd7 9. Nxd7 Qxd7 10. Nc3 Nc6 11. Be3 b6 12. Bg5 Rb8 13. Bxc6 Qxc6 14. Nd5 Re8
15. Nxe7+ Rxe7 16. Bxe7 Bh3 17. Qd5 Qxd5 18. cxd5 Bxf1 19. Kxf1 Bxb2 20. Rb1
Rb7 21. d6 Bg7 22. e4 f5 23. Rd1 Bd4 24. e5 Kf7 25. f4 Ke6 26. Ke2 b5 27. Kd3
a5 28. Bd8 a4 29. Ba5 b4 30. Kc4 a3 31. Rd3 Rb8 32. Bc7 Re8 33. Bb6 Rb8 34.
Bxc5 b3 35. axb3 Bxc5 36. Kxc5 a2 37. Rd1 Rxb3 38. Ra1 Rb2 39. h4 h5 40. Kc4
Rg2 41. Kb3 1-0

[Event "Stuttgarter Stadtmeisterschaft A"]
[Site "Ditzingen"]
[Date "2008.05.04"]
[Round "7.3"]
[White "Rau, Hannes"]
[Black "Lammers, Markus"]
[Result "1/2-1/2"]
[WhiteElo "2424"]
[BlackElo "2371"]
[PlyCount "60"]
[EventDate "2008.05.??"]
[EventType "swiss"]
[EventRounds "7"]
[EventCountry "GER"]

1. d4 Nf6 2. c4 c5 3. d5 e6 4. Nc3 exd5 5. cxd5 d6 6. e4 g6 7. f4 Bg7 8. Bb5+
Nfd7 9. a4 O-O 10. Nf3 Na6 11. O-O Nb4 12. Re1 a6 13. Bf1 Re8 14. Qb3 a5 15.
Kh1 Nb6 16. Be3 Bg4 17. Nd2 Bd4 18. h3 Bd7 19. Bxd4 cxd4 20. Nb5 Bxb5 21. Bxb5
Nd7 22. Rac1 Rc8 23. Rxc8 Qxc8 24. Nc4 Nc5 25. Qf3 Rd8 26. e5 dxe5 27. fxe5
Nxd5 28. Nd6 Qe6 29. Rf1 Ne3 30. Nxf7 Rb8 1/2-1/2

[Event "Stuttgarter Stadtmeisterschaft A"]
[Site "Ditzingen"]
[Date "2008.05.04"]
[Round "7.7"]
[White "Hirneise, Jens"]
[Black "Hirneise, Tobias"]
[Result "0-1"]
[WhiteElo "2202"]
[BlackElo "2382"]
[PlyCount "96"]
[EventDate "2008.05.??"]
[EventType "swiss"]
[EventRounds "7"]
[EventCountry "GER"]

1. d4 Nf6 2. Nf3 d5 3. e3 c6 4. Bd3 Bg4 5. h3 Bh5 6. c4 Nbd7 7. cxd5 cxd5 8.
Nc3 e6 9. O-O Be7 10. Bd2 O-O 11. Rc1 Rc8 12. Be2 a6 13. Qb3 Qb6 14. Ne5 Qxb3
15. axb3 Rxc3 16. Bxh5 Rxb3 17. Nxd7 Nxd7 18. Rc7 Rd8 19. Bd1 Rxb2 20. Bc3 Rb5
21. Ba4 Bd6 22. Rxd7 Rxd7 23. Bxb5 axb5 24. Rb1 Rc7 25. Bb4 Bxb4 26. Rxb4 Kf8
27. Rxb5 Ke7 28. Kf1 Kd7 29. Rb6 Rc1+ 30. Ke2 Kc7 31. Rb2 b6 32. f3 Kc6 33. Kd2
Rg1 34. Kd3 Rc1 35. Kd2 Rc4 36. Ra2 Kb7 37. Rb2 Ra4 38. Kd3 Ra3+ 39. Kd2 f5 40.
f4 Ra5 41. Ke2 b5 42. Kf3 Kb6 43. g4 g6 44. gxf5 gxf5 45. Kg3 Ra1 46. Rc2 b4
47. Rc8 Kb5 48. Rb8+ Kc4 0-1

[Event "Stuttgarter Stadtmeisterschaft A"]
[Site "Ditzingen"]
[Date "2008.05.04"]
[Round "7.8"]
[White "Strunski, Andreas"]
[Black "Wagner, Florian"]
[Result "1-0"]
[WhiteElo "2271"]
[BlackElo "2183"]
[PlyCount "57"]
[EventDate "2008.05.??"]
[EventType "swiss"]
[EventRounds "7"]
[EventCountry "GER"]
[WhiteTeam "Stuttgarter SF 1879"]
[BlackTeam "SC Noris Tarrasch Nürnberg"]

1. d4 g6 2. c4 Bg7 3. e4 d6 4. Nc3 e5 5. d5 f5 6. exf5 gxf5 7. Qh5+ Kf8 8. f4
Nf6 9. Qd1 e4 10. Nge2 c5 11. Ng3 h5 12. Be2 h4 13. Nf1 Na6 14. Rg1 Rg8 15. Bd2
Qe7 16. a3 Nc7 17. Qb3 Rb8 18. O-O-O Bd7 19. Ne3 a6 20. a4 Qe8 21. Qb6 Na8 22.
Qxd6+ Kf7 23. Qxc5 b5 24. g4 hxg3 25. Rxg3 Rc8 26. Qd6 b4 27. Rdg1 Bf8 28. Rxg8
bxc3 29. Bxc3 1-0

[Event "Stuttgarter Stadtmeisterschaft A"]
[Site "Ditzingen"]
[Date "2008.05.04"]
[Round "7.10"]
[White "Barthel, Ansgar"]
[Black "Fiderer, Lukas"]
[Result "1/2-1/2"]
[WhiteElo "2258"]
[BlackElo "2065"]
[PlyCount "80"]
[EventDate "2008.05.??"]
[EventType "swiss"]
[EventRounds "7"]
[EventCountry "GER"]

1. e4 c5 2. Nf3 d6 3. d4 cxd4 4. Nxd4 Nf6 5. Nc3 a6 6. f4 e6 7. Qf3 Qb6 8. Nb3
Qc7 9. Be3 b5 10. Bd3 Nbd7 11. g4 Nc5 12. g5 Nfd7 13. O-O Bb7 14. a3 Be7 15.
Qh5 g6 16. Qh3 Bc8 17. Bd4 e5 18. Nd5 Qd8 19. fxe5 Nxe5 20. Qg3 Ncd7 21. Nc5
O-O 22. Nxd7 Nxd7 23. Nf6+ Bxf6 24. gxf6 Nc5 25. Bxc5 dxc5 26. Qg5 Qd4+ 27. Kh1
Kh8 28. Rf4 Qe3 29. Raf1 Bh3 30. R1f3 Qe1+ 31. Bf1 Bxf1 32. Rxf1 Qe3 33. R1f3
Qc1+ 34. Rf1 Qe3 35. R1f3 Qc1+ 36. Kg2 Rg8 37. Rh3 Qd2+ 38. Kf3 Qd1+ 39. Kg2
Qd2+ 40. Kg1 Qc1+ 1/2-1/2